Producción y utilización de pasturas /
Guardado en:
| Formato: | Libro |
|---|---|
| Publicado: |
Balcarce :
A. Gardner,
1982
|
| Series: | Materiales didácticos, 6
|
| Materias: | |
| Etiquetas: |
Agregar Etiqueta
Sin Etiquetas, Sea el primero en etiquetar este registro!
|
| LEADER | 00472nam a22001695a 4500 | ||
|---|---|---|---|
| 001 | CEM.cems000605 | ||
| 005 | 20060210000000.0 | ||
| 008 | 130507s1982##################000#0#####d | ||
| 003 | CEMS | ||
| 082 | 0 | 4 | |a 633.2 |
| 245 | 0 | 0 | |a Producción y utilización de pasturas / |
| 260 | |a Balcarce : |b A. Gardner, |c 1982 | ||
| 300 | |a 147 p. | ||
| 490 | 0 | |a Materiales didácticos, 6 | |
| 653 | |a Agricultura | ||
| 653 | |a Pasturas | ||
| 859 | |a CEMS |b BIB. CEMS - 11 de abril |h 633.2 |i Ar37-1 |p 12548.83 |t Ej.1 | ||
